| 000 | 00635nas1a22001811i 4500 | ||
|---|---|---|---|
| 001 | rc\444361 | ||
| 005 | 20240726035905.0 | ||
| 035 | _a(NLR Aleph) 005807413 | ||
| 090 |
_a5355978 _c5355978 |
||
| 100 | _a20030616a19879999u |0rusy50 ca | ||
| 101 | 0 | _arus | |
| 102 | _aRU | ||
| 200 | 1 |
_aСионизм: слова и дела _eСб. мателиалов сов. и заруб. прессы _fАнтисионист. ком. сов. общественности |
|
| 210 |
_aМ. _cИзд-во Агентства печати "Новости" _d1987- |
||
| 801 | 0 |
_aRU _bNLR _gpsbo |
|
| 801 | 1 |
_aRU _bELAR _2rusmarc |
|
| 852 |
_aNLR _jП22/5405 |
||
| 942 | _cSE | ||